000 00451nam a2200169Ia 4500
003 GCL
008 140319s9999 xx 000 0 eng d
040 _aGCL /
_cGCL
082 0 4 _a820
_bT D
100 1 _aTIEGHEM, PHILIPPE VAN
245 1 0 _aDICTIONNAIRE DES LITTERATURES A-Z /
_cTIEGHEM, PHILIPPE VAN
260 _a[S.N] :
_bQ VADRIGE - RUF ،
_c1984
300 _a4349 P
650 0 4 _aDICTIONARY
650 0 4 _aFRENCH LITERATURE
942 _2ddc
_cBK
999 _c23561
_d23561